000 00825nab a2200253 u 4500
001 02941
003 HDC
007 cr bn ---
008 p n |0 eng
040 _aHDC
245 0 _aOverview of SMIs/SMEs
260 _a[No Place] :
_b[publisher not identified],
_c2008
300 _a1 online resource (3 pages) :
_billustrations (some colour)
336 _atext
_2rdacontent
337 _acomputer
_2rdamedia
338 _aonline resource
_2rdacarrier
650 _aBusiness
_9207
650 _aEntrepreneurship
_9209
650 _aSmall business
_9208
856 _zRequest full-text at [email protected]
942 _2lcc
942 _cAR
942 _kJART 001606
999 _c327
_d327